[Event "NED-ch54"]
[Site "Rotterdam "]
[Date "1999.06.01"]
[Round "4"]
[White "Van Wely, Loek"]
[Black "Sokolov, Ivan"]
[Result "1-0"]
[WhiteElo "2632"]
[BlackElo "2624"]
[Annotator "Ribli,Z"]
[PlyCount "47"]
[EventDate "1999.05.29"]
[EventType "tourn"]
[EventRounds "11"]
[EventCountry "NED"]
[EventCategory "12"]
[SourceTitle "CBM 072"]
[Source "ChessBase"]
[SourceDate "1999.10.01"]
[SourceVersion "1"]
[SourceVersionDate "1999.10.01"]
[SourceQuality "1"]

{[%mdl 10240]} 1. Nf3 c5 2. c4 Nf6 3. Nc3 d5 {Dieser Zug wird relativ selten
gespielt. Die Alternativen 3...Nc6, 3...e6 und 3...g6 sind populärer. Mit der
Partiefortsetzung möchte Schwarz die Zentrumstellung klären. Ribli.} 4. cxd5
Nxd5 5. e4 Nxc3 (5... Nb4 $5 {Das ist die prinzipielle Fortsetzung. Weiss hat
jetzt zwei Hauptmöglichkeiten: 6.Bc4 oder 6.Bb5+.}) 6. dxc3 {Dieser Zug ist
weniger gefährlich für Schwarz als die Alternative.} (6. bxc3 g6 7. d4 Bg7 {
Wir haben - mit Zugumstellung - eine Grundstellung der Grünfeld-Indischen
Verteidigung erreicht. Die "echte" Zugfolge wäre: 1.d4 Nf6 2.c4 g6 3.Nc3 d5 4.
cxd5 Nxd5 5.e4 Nxc3 6.bxc3 Bg7 7.Nf3 c5.}) 6... Qxd1+ 7. Kxd1 {Weiss kann
nicht rochieren, aber sein König ist auf c2 in Sicherheit.} Nc6 (7... Bg4 8.
Kc2 Nd7 9. Be2 Bxf3 10. Bxf3 O-O-O $11) 8. Kc2 $5 (8. Be3 b6 9. Nd2 Bb7 10. f3
g6 11. Kc2 h5 12. a4 Bh6 13. Bxh6 Rxh6 14. h4 O-O-O 15. Nc4 Kc7 16. a5 Rhh8 17.
Be2 Rd7 18. axb6+ axb6 19. Ne3 $14 {Vaganian-Mihalcisin Lvov 1984 37/50}) (8.
Bf4 g6 9. Kc2 Bg7 10. Rd1 Bd7 11. Bc4 f6 12. Bf7+ $1 Kxf7 13. Rxd7 b6 14. Rhd1
$14 {Miles-Vaganian London 1984 37/51}) 8... Bd7 (8... e6 9. Bf4 Be7 10. Nd2 f6
11. Bg3 Kf7 12. Nc4 Rd8 13. a4 e5 14. a5 Be6 15. Be2 Ke8 16. Ne3 Rac8 17. Bc4
Bxc4 18. Nxc4 Rd7 19. Rhd1 Rb8 20. f3 g6 21. Bf2 {1/2-1/2 Smejkal,J-Gross,S/
CSR 1992/TD (52)}) (8... g6 9. Be3 b6 10. Bb5 Bd7 11. a4 Bg7 12. Rhd1 O-O-O 13.
Ng5 Rhf8 14. Nxh7 Rh8 15. Ng5 Rh4 16. Nxf7 Rf8 17. Ng5 Rxh2 18. Rxd7 Kxd7 19.
Rd1+ Kc8 20. Bxc6 Rf6 21. Ne6 {1-0 Rogers,I-Noble,M/Auckland 1992/CBM 29 ext 
(21)}) 9. a4 {Die weisse Stellung wirkt etwas bequemer. Er kann im folgenden
Bf4 mit etwas besserem Figurenspiel spielen.} e6 10. Bf4 {[%csl Gf4][%cal
Gf4b8] Der Läufer steht ausgezeichnet auf f4.} Be7 (10... f6 11. a5 e5 12. Be3
Rc8 13. Nd2 Nd4+ 14. Kb1 Be6 15. Bc4 Kf7 16. f3 Nc6 17. Rd1 Be7 18. Bd5 Rhd8
19. Nc4 Rd7 20. Bxe6+ Kxe6 21. Rxd7 Kxd7 {1/2-1/2 Andersen,D-Larsen,O/
Snekkersten 1979/MCD (49)}) 11. Be2 h6 (11... f6 12. e5 $14) (11... O-O 12.
Rhd1 $14 Rfd8 $4 13. Bc7 $18) 12. h4 Rc8 13. Rhd1 $14 {Weiss hat etwas Vorteil
dank seines besseren Figurenspiels. Die Bauernstellung ist aber symmetrisch
und daher Remis sehr wahrscheinlich.} a6 14. h5 {Weiss hat Raumvorteil, aber
nichts Konkretes.} Na5 15. Ne5 {Weiss sichert sich das Läuferpaar.} Bc6 16.
Nxc6 Rxc6 $2 {Ein unglaublicher Fehler von I.Sokolov.} (16... Nxc6 17. Rd2 $14)
{[#]} 17. Bb5 $1 {Ein schöner, aber einfacher Zug, der einen Bauern und damit
eigentlich schon die Partie gewinnt.} axb5 18. axb5 Rc8 19. Rxa5 $16 {Weiss
hat nicht nur einen Bauern mehr, sondern auch die viel aktivere Stellung. Der
schwarze König steht schlecht in der Mitte.} c4 (19... O-O 20. Rd7 Bd8 21. Ra7
$18) 20. Ra7 Bc5 (20... b6 21. Rdd7 $18) 21. Rxb7 Bxf2 22. Bd6 {[%csl Gd6,Re8]
[%cal Rb7e7,Re7e8]} (22. Rdd7 O-O 23. Bd6 Rfd8 24. Rxf7 Rxd6 25. Rxf2 $18)
22... Bh4 23. Rf1 $18 {[%csl Rf7][%cal Rb7f7,Rf1f7]} Rd8 24. e5 {Schwarz gab
in verlorener Stellung auf. Eine schlechte Partie von GM I.Sokolov.} (24. e5
Rd7 25. Rxd7 Kxd7 26. Rxf7+ $18) 1-0

[Event "Hamburg SKA"]
[Site "Hamburg"]
[Date "1991.07.08"]
[Round "10"]
[White "Hansen, Curt"]
[Black "Cramling, Pia"]
[Result "1/2-1/2"]
[WhiteElo "2565"]
[BlackElo "2470"]
[Annotator "Ribli,Z"]
[PlyCount "72"]
[EventDate "1991.06.27"]
[EventType "tourn"]
[EventRounds "13"]
[EventCountry "GER"]
[EventCategory "11"]
[SourceTitle "CBM 024"]
[Source "ChessBase"]
[SourceDate "1991.10.01"]
[SourceVersion "1"]
[SourceVersionDate "1991.10.01"]
[SourceQuality "1"]

1. Nf3 c5 2. c4 Nc6 3. Nc3 e5 4. e3 Nf6 5. d4 e4 (5... cxd4 6. exd4 e4 7. Ng5
Bb4 8. d5 Ne5 9. Qd4 (9. Bd2 O-O 10. Qb3 Bxc3 11. Bxc3 Re8 12. h4 d6 13. O-O-O
h6 14. f4 Ned7 15. Be2 Nc5 16. Qc2 Bf5 17. Rdf1 Ng4 $17 {Ostenstad,B-Schussler,
H Gausdal Troll Masters 1990 EXP/16}) 9... d6 10. Ngxe4 Nxe4 11. Qxe4 O-O 12.
Be2 f5 13. Qc2 f4 $44 {Saidy-Wedberg New York op 1988 45/50}) 6. Ne5 cxd4 7.
exd4 Bb4 8. Be2 Qa5 9. Nxc6 dxc6 10. O-O O-O (10... Bxc3 11. bxc3 Qxc3 12. Rb1
O-O 13. Rb3 Qa5 14. Rg3 Bf5 15. h4 $146 {Bertholee,R-Polgar,J Amsterdam OHRA-B
CBM/20}) 11. Bd2 Re8 $1 (11... Be6 $6 12. a3 Bxc3 13. Bxc3 Qg5 14. Qc1 Qg6 15.
Qf4 Bh3 16. Qg3 $14 {Franco,Z-Polgar,J Salamanca 1989 CBM/13}) 12. a3 Bxc3 13.
Bxc3 Qg5 14. Qc1 Qh4 15. Qe3 Bg4 16. Qf4 Qh5 17. Bxg4 Qxg4 18. Qxg4 Nxg4 19. h3
Nh6 20. a4 Rad8 21. Rad1 f5 22. Bd2 Nf7 23. Be3 a6 24. a5 Rd7 25. Rd2 h6 26.
Rfd1 g5 27. d5 Ne5 28. dxc6 Rxd2 29. Rxd2 Nxc6 30. Rd6 Nxa5 31. Rxh6 Nxc4 32.
Bxg5 Nxb2 33. Rg6+ Kh7 34. Rh6+ Kg8 35. Rg6+ Kh7 36. Rh6+ Kg8 1/2-1/2

[Event "Leon"]
[Site "Leon"]
[Date "1991.??.??"]
[Round "?"]
[White "Vladimirov, Yevgeniy"]
[Black "Sion Castro, Marcelino"]
[Result "1-0"]
[WhiteElo "2580"]
[BlackElo "2410"]
[Annotator "Ribli,Z"]
[PlyCount "67"]
[EventDate "1991.06.??"]
[EventType "tourn"]
[EventRounds "9"]
[EventCountry "ESP"]
[EventCategory "10"]
[SourceTitle "CBM 025"]
[Source "ChessBase"]
[SourceDate "1991.12.01"]
[SourceVersion "1"]
[SourceVersionDate "1991.12.01"]
[SourceQuality "1"]

1. c4 Nf6 2. Nc3 c5 3. Nf3 d5 4. cxd5 Nxd5 5. e4 Nxc3 6. dxc3 Qxd1+ 7. Kxd1 Nc6
8. Kc2 (8. Be3 b6 9. Nd2 Bb7 10. f3 g6 11. Kc2 h5 12. a4 Bh6 13. Bxh6 Rxh6 14.
h4 O-O-O 15. Nc4 Kc7 16. a5 Rhh8 17. Be2 Rd7 18. axb6+ axb6 19. Ne3 $14 {
Vaganian-Mihalcisin Lvov 1984 37/50}) (8. Bf4 g6 9. Kc2 Bg7 10. Rd1 Bd7 11. Bc4
f6 12. Bf7+ $1 Kxf7 13. Rxd7 b6 14. Rhd1 $14 {Miles-Vaganian London 1984 37/51}
) 8... e6 9. Be3 Bd7 10. Nd2 (10. Be2 Be7 11. Rhd1 O-O-O 12. Rd2 f6 13. Rad1
Na5 14. e5 $1 Ba4+ 15. b3 Rxd2+ 16. Nxd2 Bc6 17. exf6 gxf6 18. Bg4 f5 19. Bh5
Be8 20. Bxe8 Rxe8 21. Bf4 Bf6 22. f3 Rg8 23. g3 h5 24. a3 $1 b5 25. b4 cxb4 26.
axb4 Nc6 27. Nb3 $16 {Cvetkovic-Palatnik 1976 21/62}) 10... Na5 11. Be2 f6 12.
Rhe1 Be7 13. e5 $1 f5 14. g4 O-O-O 15. Kc1 $2 g5 16. gxf5 exf5 17. f4 gxf4 18.
Bxf4 Be6 19. Rg1 Rhg8 20. Kc2 Rxg1 21. Rxg1 Rg8 22. Rf1 Bg5 23. Bg3 Rd8 24. Nf3
Be3 25. b3 f4 26. Bh4 Bf5+ 27. Kb2 Rg8 28. Ng5 Rg7 $2 (28... h6 $1 29. Nf7 Rg2
30. Nd6+ Kd7 31. Nxf5 Rxe2+ 32. Ka1 Rxh2 33. Bf6 Nc6 $19) 29. Bf3 Nc6 30. Ne4
Kc7 31. Nf6 Rg6 32. Nd5+ Kb8 33. Nxe3 fxe3 34. Bxc6 1-0

[Event "Hoogovens"]
[Site "Wijk aan Zee"]
[Date "1999.01.28"]
[Round "10"]
[White "Kramnik, Vladimir"]
[Black "Timman, Jan H"]
[Result "1-0"]
[WhiteElo "2751"]
[BlackElo "2649"]
[Annotator "Ribli,Z"]
[PlyCount "81"]
[EventDate "1999.01.16"]
[EventType "tourn"]
[EventRounds "13"]
[EventCountry "NED"]
[EventCategory "17"]
[SourceTitle "CBM 069"]
[Source "ChessBase"]
[SourceDate "1999.04.01"]
[SourceVersion "1"]
[SourceVersionDate "1999.04.01"]
[SourceQuality "1"]

1. Nf3 {Ftacnik} c5 2. c4 {Mit 2.e4 kann jetzt die Sizilianische Verteidigung
erreicht werden, aber nachdem Kramnik nur sehr selten 1.e4 spielt, wäre das
schon eine große Überraschung. Ribli.} Nf6 3. Nc3 Nc6 4. g3 d5 5. d4 {Dieser
Zug wurde zuerst von Exweltmeister Tal gespielt.(Tal,M. - Timman,I.
KRO-Wettkampf 1985.)} cxd4 (5... e6 6. cxd5 Nxd5 7. Bg2 {D 41}) 6. Nxd4 dxc4 (
6... e6 7. cxd5 Nxd5 8. Nxc6 bxc6 9. Bd2 $14) 7. Nxc6 Qxd1+ 8. Nxd1 bxc6 9. Bg2
Nd5 10. Ne3 e6 $5 (10... Ba6 11. Nxd5 cxd5 12. Bxd5 Rc8 13. Bd2 $14 {[%csl Rc4]
Diese schwarze Möglichkeit ist weniger populär, denn der Bauer c4 ist hier
stets schwach und Weiß kann beide Läufer in die langen Diagonalen stellen.})
11. Nxc4 {Weiß hat die bessere Bauernstruktur, aber Schwarz bekommt
Gegenchancen in der halb-offenen b-Linie. Weiterhin steht der schwarze
Springer auf d5 aktiv. Allerdings bereiten dem Schwarzen alle Endspiele wegen
seiner Bauernschwächen gewisse Probleme.} Ba6 12. Na5 $5 $146 {[%csl Rc6]
Ftacnik: 'Interesting attempt to revitalize the well known line. Most of the
games continue with 12.b3, but black seems to hold balance.'  Eine große
Überraschung! Zuvor hatte Kramnik schon zwei Mal die Fortsetzung - 12.b3 
(gegen Hjartarson,J und gegen Polgar,J.) gespielt. In beiden Fällen hatte er
zwar die besseren Chancen, aber jetzt verbessert er sein früheres Spiel!} (12.
b3 Bb4+ 13. Bd2 Ke7 (13... Bxc4 $6 14. bxc4 Bxd2+ 15. Kxd2 Ne7 16. Rab1 O-O-O+
17. Kc3 $14 {Greenfeld,A-Alterman,B/Haifa/1993/INF59(65)/}) (13... Bxd2+ 14.
Nxd2 Nb4 15. Be4 (15. Kd1 $5 Ke7 (15... Rb8 16. a3 Nd5 17. Rc1 Rb6 18. Bf3 Ke7
19. Rc5 Rc8 20. Kc1 Rb5 21. Rc2 c5 22. Kb2 Rb7 23. Rhc1 Rbc7 24. Ne4 c4 25. b4
Bb5 26. Nc3 {1-0 Gulko,B-Jelen,I/2nd op, Nova Gorica SLO 1997 (39)}) 16. a3 Nd5
17. Rc1 (17. Ne4 $5) 17... Rac8 18. Ne4 c5 $1 $8 19. Nxc5 Rhd8 20. Ke1 Nb6 21.
f4 Nd7 {Gelfand,B-Leko,P/Vienna 1996/1/2-1/2 (59)}) 15... Ke7 (15... Rc8 16. a3
Nd5 17. Rc1 c5 18. Bd3 (18. Nc4 Ke7 19. Bd3 {Remis Lalic,B-Vaganian,R/Moscow
olm/1994/}) 18... Bxd3 19. exd3 Ke7 20. Ne4 Rhd8 21. Nxc5 Nc7 22. Kd2 Nb5 23.
Nb7 Rxc1 24. Rxc1 Rd7 25. Nc5 {1-0 Kanstler,B-Liss,E/Herzliya 1998/EXT 99 (46)}
) 16. a3 Nd5 17. Rc1 c5 (17... Rhc8 18. f4 c5 19. Kf2 Rab8 $10 {Gulko,
B-Topalov,V/Novgorod/1995/CBM48/INF63,(39)/}) 18. h4 Rac8 19. h5 h6 20. Rh4 Bb5
21. Bf3 Rhd8 22. Nc4 Rc7 23. Na5 Rdc8 24. e3 Nb6 25. Be2 Bxe2 26. Kxe2 f5 27.
Rf4 Kf6 28. g4 {1/2-1/2 Ehlvest,J-Berelovich,A/Koszalin 1998/CBM 65 ext (68)})
14. Rc1 Rhc8 $1 (14... Rac8 15. Bxb4+ Nxb4 16. a3 Nd5 17. Na5 c5 18. O-O {
1-0 Kramnik,V-Hjartarson,J/Clichy 1995/EXT 98 (40)}) 15. Bxb4+ Nxb4 16. a3 Nd5
17. Na5 (17. e4 Bxc4 $5 18. Rxc4 Nb6 19. Rc5 Nd7 20. Rc3 a5 $1 21. Kd2 Ra6 {
1/2-1/2 Gelfand,B-Kramnik,V/Belgrade 1995/CBM 51/[Ribli] (27)}) 17... c5 18. e4
Nf6 19. e5 Nd5 20. Kd2 Rc7 (20... Rab8 21. b4 f6 22. Bxd5 exd5 23. Rxc5 Rxc5
24. bxc5 Rb2+ 25. Kc3 Rb5 26. exf6+ Kxf6 27. Nb3 {1/2-1/2 Kramnik,V-Polgar,J/
Tilburg 1997/CBM 61 (48)}) 21. Rhd1 Rac8 22. Ke1 c4 23. Bxd5 exd5 24. Rxd5 c3
25. b4 Bc4 26. Rd6 Be6 27. b5 Bd7 28. a4 f6 29. Ra6 fxe5 30. Ke2 Kf7 31. h4 c2
32. Nc6 Bxc6 33. bxc6 Rxc6 34. Rxa7+ Kf6 35. Rb7 Rc5 {1/2-1/2 Piket,J-Timman,J/
Gouda 1997/EXT 99 (35)}) 12... Bc5 $6 {Schwarz strebt nach aktivem
Figurenspiel und verteidigt daher nicht seinen c-Bauern. Tatsächlich steht der
Läufer aber in der c-Linie nicht glücklich.} (12... Kd7 $5 13. Bd2 Rb8) (12...
Bb4+ {Ftacnik} 13. Bd2 Bxa5 (13... Bxd2+ 14. Kxd2 Rb8 15. b3 Kd7 16. Rac1 $14)
14. Bxa5 Rb8 15. b3 $14) 13. Bd2 (13. Nxc6 $6 Rc8 14. Ne5 Nb4 $132 {[%cal
Rb4c2,Rc2a1] '©' Ftacnik.} (14... O-O $44 {Ftacnik})) 13... O-O {'?!' Ftacnik.
Ftacnik: 'Black fails to find the best idea 13...Bd4 and the reward will be
unpleasant suffering in a worse endgame.'} (13... Bd4 $5 {Ftacnik} 14. Nxc6 (
14. Rb1 Rc8) 14... Bxb2 15. Rb1 Ba3 (15... Bf6 $2 16. e4 $18) 16. Nxa7 (16. e4
Ne7 17. e5 Nd5 18. Nxa7 Bc4 $14) 16... Bc4 17. e4 Bxa2 $14) (13... Kd7 {Ftacnik
} 14. Rc1 Bd4 15. Rxc6 Bb5 16. Rc1 $16) 14. Rc1 {[%cal Rc1c6]} Bd4 15. b4 $16
Bb5 $5 (15... Ne7 16. Nxc6 Nxc6 17. Bxc6 $16 (17. Rxc6 $2 Bb7 18. Rc4 (18. b5
a6 $15) 18... Bxg2 19. Rg1 $11)) 16. Nxc6 Bb2 (16... Bxc6 17. Rxc6 $16) 17. Rc5
Bxc6 18. Rxc6 Rac8 19. Rxc8 (19. Ra6 $6 Rfd8 $132 (19... Rc7 {Ftacnik} 20. Bxd5
exd5 21. Bf4 Bc3+ 22. Kd1 Rb7 23. a3 Rc8 $16) 20. Rxa7 Nxb4 $40 {[%csl Re1]}
21. Bxb4 $4 Rc1#) 19... Rxc8 20. Bxd5 $1 {Der schwarze Springer d5 steht so
aktiv, daß Weiß das Läuferpaar aufgeben muß.} exd5 21. f4 $1 {[%cal Gh1f1,
Gf1f3,Gf3a3] Weiß mobilisiert seinen Turm.} (21. O-O $6 Rc2 $132) 21... Ba3 (
21... Rc2 22. Kd1 Rc4 23. Rf1 Ba3 24. Rf3 {'!' Ftacnik.} (24. b5 $1 {Ftacnik}
Ra4 25. Rf3 $16) 24... Bxb4 25. Bxb4 Rxb4 26. Ra3 {[%csl Ra7,Rd5,Rg8] Das
führt zu einem ähnlichen Endspiel wie die Partiefortsetzung.}) 22. Rf1 Rc4 (
22... Rc2 {Ftacnik} 23. Rf3 Rxa2 24. Rd3 h6 25. Rxd5 Rb2 26. b5 $16) 23. Rf3 (
23. b5 {Ftacnik} Bb4 $1 24. Bxb4 Rxb4 25. Kf2 Rxb5 26. Rc1 $14) 23... Bxb4 24.
Bxb4 Rxb4 25. Ra3 {[%csl Ga3,Ra7,Rd5] Ftacnik: 'The critical position in a
pure rook endgame. Black is not even a pawn down, but the weak pawns on a7 and
d5 make his position very difficult.'} h5 {Schwarz opfert einen Bauern, denn
im Turmendspiel ist aktives Figurenspiel normalerweise wichtiger.} (25... Rb7
26. Kd2 Kf8 27. Kd3 Ke7 28. Ra6 $16 {[%csl Ga6,Rb7,Gd3,Rd5,Re7][%cal Rd3d4]
Schwarz ist ohne Gegenspiel und die weißen Figuren stehen sehr aktiv. Das
Endspiel ist kaum zu halten.} (28. Kd4 {Ftacnik} Rd7 29. g4 $16)) 26. Rxa7 Rb2
27. a4 Ra2 {[%csl Ga2][%cal Ga2h2,Ga2a4] Für den geopferten Bauern hat Schwarz
etwas Aktivität. Sein Turm kontrolliert den a-Bauern und die Bauern am
Königsflügel.} (27... h4 {Ftacnik} 28. a5 h3 29. a6 Rb1+ 30. Kf2 Rh1 31. Rb7
Rxh2+ 32. Kf3 Rh1 33. Rb8+ Kh7 34. a7 Rf1+ 35. Kg4 $18) (27... f5 {Ftacnik} 28.
a5 d4 29. a6 Ra2 30. Kd1 $18) 28. f5 $1 Ra1+ (28... g6 29. f6 $16) (28... d4 {
Ftacnik} 29. a5 d3 30. exd3 Rxh2 31. Ra8+ Kh7 32. a6 Ra2 33. a7 g5 34. fxg6+
fxg6 35. d4 g5 36. d5 $18) 29. Kf2 d4 30. a5 f6 (30... Ra2 {Ftacnik} 31. Kf3
Ra3+ 32. Ke4 Re3+ 33. Kxd4 Rxe2 34. a6 Rxh2 35. Rb7 Ra2 36. a7 Kh7 37. Rxf7 $18
) 31. Kf3 {Ftacnik: 'The biggest worry for black is the fate of a weak d4 pawn.
'} Kh7 (31... Ra3+ {Ftacnik} 32. Ke4 Re3+ 33. Kxd4 Rxe2 34. a6 Rxh2 35. Rb7 Ra2
36. a7 Kh7 37. Kc5 Kh6 38. Kb6 $18) 32. a6 {[%csl Ga6,Ga7,Gf3] Weiß hat gute
Gewinnchancen, denn seine Figuren stehen sehr aktiv. Der schwarze Turm allein
kann die Stellung nicht retten.} Kh6 {[%cal Gh6g5]} 33. h4 g6 (33... Ra3+ 34.
Kf4 Ra2 35. Ra8 Kh7 (35... g5+ {Ftacnik} 36. fxg6 Kxg6 37. a7 $18) 36. a7 Ra5
37. Ke4 Ra4 38. Kd5 $22 {[%csl Rd4,Rh7]}) 34. fxg6 Kxg6 35. Ra8 Ra2 (35... Kf5
{Ftacnik} 36. a7 Ra3+ 37. Kf2 Ra2 38. Ke1 Ra3 39. Kd2 Ra2+ 40. Kd3 Ra4 41. Kc2
$18) 36. Kf4 Kf7 (36... Rxe2 37. a7 Ra2 38. Rg8+ $18) 37. a7 Kg7 (37... Ra4 38.
Rh8 Rxa7 39. Rh7+ $18) 38. Kf5 Ra5+ 39. Ke4 $18 {[%mdl 4104] Der weiße König
entscheidet die Partie. Der d4-Bauer ist schutzlos.} Ra4 40. Kd5 $22 Ra1 (40...
Kh7 41. Kc5 Kg7 42. Kb6 Rb4+ 43. Ka5 Rb7 (43... Rb3 44. Rb8 $18) 44. Ka6 $18)
41. Kxd4 {Ftacnik: 'Black can not prevent exchange of the rook on the 7th rank
with a lost pawn endgame.'  Und Schwarz gab auf. Gute Endspieltechnik von
Kramnik!} 1-0